000 00434nam a2200181Ia 4500
001 4558
005 20260306145805.0
008 260306t2023||||xx |||||||||||||| ||spa||
041 _aESP
082 _a324.650985
_bJ92
110 _aPerú. Jurado Nacional de Elecciones
245 0 _aElecciones bajo la lupa
260 _c2023
300 _a971 páginas :
_c24 cm.
650 _aGEN
654 _aCDE
942 _cLIB
_dJUS
_fJUS
_2ddc
_n
999 _c4558
_d4558